Právne aspekty vyhýbania sa daňovej povinnosti

Boj proti daňovým únikom a agresívnemu daňovému plánovaniu nielen európskou ale aj globálnou prioritou. Balík opatrení daňovej transparentnosti v rámci EÚ. Pravidlá proti praktikám vyhýbania sa daňovým povinnostiam, ktoré majú vplyv na fungovanie vnútorného trhu.

Enregistré dans:
Détails bibliographiques
Auteur principal: Prievozníková, Karin
Autres auteurs: Olexová, Cecília, 1976-
Format: Chapitre de livre
Langue:slovaque
Sujets:
Tags: Ajouter un tag
Pas de tags, Soyez le premier à ajouter un tag!

MARC

LEADER 00000nla a2200000 4500
001 0234256
005 20240502083624.5
041 0 |a slo 
044 |a CZ 
245 1 0 |a Právne aspekty vyhýbania sa daňovej povinnosti  |c Karin Prievozníková, Cecília Olexová 
520 |a Boj proti daňovým únikom a agresívnemu daňovému plánovaniu nielen európskou ale aj globálnou prioritou. Balík opatrení daňovej transparentnosti v rámci EÚ. Pravidlá proti praktikám vyhýbania sa daňovým povinnostiam, ktoré majú vplyv na fungovanie vnútorného trhu. 
610 2 0 |a dane z príjmov 
610 2 0 |a povinnosť daňová 
610 2 0 |a únik daňový 
610 2 0 |a podvody daňové 
610 2 0 |a transparentnosť 
610 2 0 |a regulácia 
610 2 0 |a smernice 
610 2 0 |a osoby právnické 
610 2 0 |a Európska únia 
100 1 |a Prievozníková, Karin 
700 1 |a Olexová, Cecília, 1976-